000 00612cam a22002053a 4500
001 41380
003 PGUSA
005 20140828083930.0
008 121116s2012||||xxu|||||s|||||000 | eng d
040 _aPGUSA
_beng
042 _adc
100 1 _aGregor, George Mac
245 1 4 _aThe History of Burke and Hare ;
_band, of the Resurrectionist Times
_h[electronic resource] /
_cGeorge Mac Gregor
260 _bProject Gutenberg,
_c2012
506 _aPublic domain in the USA.
516 _aElectronic text
830 0 _aProject Gutenberg
_v41380
856 4 0 _uhttp://www.gutenberg.org/ebooks/41380
942 _cEB
999 _c270632
_d270632